00805cam a2200217 a 450000100100000000500170001000800410002702000150006804000230008308200200010610000370012624500500016326000320021330000280024550400420027365000470031561100530036291000340041595201230044999900150057200000425120200929151422.0960422s1987 ve a 001 0 spa  a9803000063 aDO-SdBNPcDLCdDLC a796.3570bA627s1 aAntero Núñez, José.91256410aSeries del Caribe /cJosé Antero Núñez. aCaracas :b[Urbina],c1987. a530 p. :bil. ;c22 cm. aIncluye referencias bibliográficas. 4aBaseballzArea Del CaribexHistoria91256524aCARIBE SERIE MUNDIAL (Baseball)xHISTORIA912566 aCatalogación por copia / LC 001052708MOaGRbGRcCTd2009-07-20iLF1l0o796.3570 A627sp4251-10r2020-06-25w2020-06-25y2ZPréstamo interno c4065d4065